| 000 | 00396cam a22001457a 4500 | ||
|---|---|---|---|
| 008 | 180718b1949 xxu||||| |||| 00| 0 eng d | ||
| 082 | _aAB45 Sa93 | ||
| 100 | _aSavarkar, Vinayak Damodar | ||
| 245 |
_aWho is? Hindutva _cby Vinayak Damodar Savarkar |
||
| 250 | _a4th ed. | ||
| 260 |
_aPoona _bS.P. Gokhale _c1949 |
||
| 300 | _a116p. | ||
| 500 | _aCover title: Hidutya; Rs.2.00 | ||
| 650 | _aHindus | ||
| 999 |
_c480700 _d480700 |
||